000 01021nam a22002775i 4500
001 177816
003 ES-MaACL
005 20230906220424.0
008 110428s2002 sp ao |||| | spa d
017 _aZaragoza 1135/2002
020 _a8495306999
080 _a75 Montañés, Bernardino
080 _a929 Montañés, Bernardino
100 1 _aHernández Latas, José Antonio.
_962976
245 1 0 _aBernardino Montañés (1825-1893)
_b: arte y erudición en la Edad de la Inocencia /
_cJosé Antonio Hernández Latas.
260 _aZaragoza :
_bCaja de Ahorros de la Inmaculada de Aragón,
_c2002.
300 _a190 p. :
_bil. col. y n. ;
_c28 cm.
490 1 _aMariano de Pano y Ruata ;
_v21
504 _aBibliografía: p. 189-190.
600 1 4 _aMontañés, Bernardino.
_9146317
830 0 _aMariano de Pano y Ruata ;
_v21
_9224211
852 _aES-MaACL
_9R.145652
_dOlim:N-4111
_jA-11106
_cDEPO1
942 _2udc
_cMONOGRAFIA
999 _c177816
_d177816